| 000 | 00593nam a2200217 a 4500 | ||
|---|---|---|---|
| 005 | 20140310183404.0 | ||
| 008 | 121120s19uu xx 00 eng d | ||
| 020 | _a9789381293768 | ||
| 050 |
_aG 155.A1 _b.Sh531 2011 |
||
| 100 | _aSharma, Lalita | ||
| 245 |
_aTourism and Hospitality in the 21st century / _cLalita Sharma. |
||
| 250 | _a1st ed. | ||
| 260 |
_aNew Delhi, India : _bCentrum Press, _c2011. |
||
| 300 |
_a280 p. : _c22 cm. |
||
| 500 | _aIncludes index | ||
| 521 | _aTOU | ||
| 650 | _aTourism | ||
| 650 | _aHospitality industry | ||
| 942 |
_cBK _2lcc _kFOR |
||
| 999 |
_c22372 _d22372 |
||